Największe powiaty w Polsce, powierzchnia - Statystyki

Ogólne statystyki
  • Ten quiz został rozwiązany 97 razy
  • Średni wynik to 9 z 15
Statystyki odpowiedzi
Powierzchnia km2 Województwo Powiat % Poprawnych
2 976,44 Podlaskie białostocki
93%
2 246,07 Świętokrzyckie kielecki
86%
2 838,02 Warmińsko-mazurskie olsztyński
86%
1 899,88 Wielkopolskie poznański
72%
2 304,24 Pomorskie słupski
70%
1 870,29 Lubelskie zamojski
66%
1 885,60 Lubelskie chełmski
63%
2 754,26 Lubelskie bialski
61%
2 192,07 Pomorskie bytowski
51%
2 054,50 Podlaskie sokólski
48%
1 796,63 Mazowieckie płocki
47%
2 093,55 Mazowiecki ostrołęcki
46%
1 933,21 Warmińsko-mazurskie szczycieński
36%
1 869,11 Zachodniopomorskie gryfiński
28%
1 806,05 Wielkopolskie czarnkowsko-trzcianecki
20%
Nie znaleziono quizów pasujących do podanych kryteriów
Rozkład punktacji
Procent ludzi z każdym wynikiem
Percentyl według liczby udzielonych odpowiedzi
Twoja historia wyników
Nie rozwiązałeś tego quizu